Statistics for Cities by Famous Street

Click here to take the quiz!

General Stats

  • This quiz has been taken 40,775 times
    (17,148 since last reset)
  • The average score is 13 of 20

Answer Stats

Street City % Correct
Wall StreetNew York City
99%
Avenue des Champs-ElyseesParis
95%
Downing StreetLondon
95%
Sunset BoulevardLos Angeles
92%
Pennsylvania AvenueWashington D.C.
84%
Via VenetoRome
77%
Bourbon StreetNew Orleans
76%
Michigan AvenueChicago
68%
Shibuya StreetTokyo
67%
La Rambla Barcelona
64%
Penny LaneLiverpool
64%
O'Connell StreetDublin
64%
Lombard StreetSan Francisco
63%
Gran ViaMadrid
61%
Ocean DriveMiami Beach
58%
Nevsky ProspektSt. Petersburg
58%
RingstraßeVienna
47%
Peachtree StreetAtlanta
45%
Rue Sainte-CatherineMontreal
33%
Soi CowboyBangkok
19%

Score Distribution

Percentile by Number Answered

Percent of People with Each Score

Your Score History

You have not taken this quiz since the last reset